01244nab a22002537a 4500999001500000003000400015005001700019008004100036040000700077100003100084245013700115260007300252300001300325500007500338505018900413505008900602650003500691650003200726650003000758650001800788650002900806773014200835942001300977 c6354d6354OSt20260131193941.0190603e xxum|||| |||| 00| 0 spa d cPJ 97010aFacal, Carlos J. M. 13aLos seguros colectivos de vida a la luz del Código Civil y Comercial y de su reglamentación específica /cCarlos J. M. Facal.  cCiudad Autónoma de Buenos Aires :aThomson Reuters La Ley, b2025. ap. 76-81 aCita: TR LALEY AR/DOC/2805/2025 Publicado en: RCCyC 2025 (Diciembre). aSumario: I. Introducción.— II. La contratación e instrumentación del seguro colectivo de vida.— III. Duración del seguro.— IV. Rescisión por falta de pago de la prima.  t¿Te interesa el texto completo? Solicitalo al correo: koha@justierradelfuego.gov.ar 091497aCODIGO CIVIL Y COMERCIAL 091467aRESPONSABILIDAD CIVIL 094552aRELACION DE CONSUMO 091921aSEGUROS 0aSEGURO COLECTIVO DE VIDA0 0271393170dCiudad Autónoma de Buenos Aires : Thomson Reuters La Ley, 2015-tRevista Código Civil y Comercial. Nº 6 - Diciembre 2025 2udccANA